000 01030nam a2200289Ia 4500
001 16906
003 IT-RoPAU
008 130308s9999 xx 000 0 und d
040 _aIT-RoPAU
040 _cIT-RoPAU
041 _aITALIANO
100 _aBarbero Giuseppe
100 _gCodice Aut. SPICS: 9572
245 _aUn apostolo geniale-Biografia del sacerdote Alfredo Filippo Manera della Pia Società San Paolo (1897-1941)
245 _bUn Apostolo Geniale-Biografia del sacerdote Alfredo Filippo Manera della Pia Societa' San Paolo (1897-1941)
250 _a1a ed.
260 _bs.e. (senza Editrice o non identificata)
260 _c1973 [1° Ed.:1973 - Ed.Ling.Originale:1973]
300 _a"156 p. (prefazione: no ; testo: 156)"
500 _aBiografia di Don Manera Inserita nella Storia delle Langhe e Specialmente di Serravalle Langhe suo paese Natio
650 _aAUTORI/OPERE FAMIGLIA PAOLINA
650 _eCodice materia Spics: 9903
942 _cBK
957 _71
999 _c76301
_d76301
999 _bSI
999 _g1